Calciatori del Dortmund nella Squadra della stagione della Champions - Statistics

Statistiche generali
  • Questo quiz è stato fatto 4 volte
    3 dall'ultimo reset
  • Il punteggio medio è 4 su 6
Statistiche sulle risposte
Numero apparizioni Edizioni apparizioni Nazione Calciatore % Corretto
1 2020-2021 Norvegia Erling Haaland
100%
1 2013-2014 Germania Marco Reus
100%
1 2023-2024 Svizzera Gregor Kobel
67%
1 2023-2024 Austria Marcel Sabitzer
67%
1 2023-2024 Paesi Bassi Ian Maatsen
33%
1 2023-2024 Germania Mats Hummels
33%
Nessun quiz corrispondente trovato
Distribuzione punteggi
Percentuale di utenti per punteggio
Percentile per numero di risposta
I tuoi punteggi nel tempo
Non hai fatto questo quiz dall'ultimo reset